Statistics for Formula 1 teams 2013

Click here to take the quiz!

General Stats

  • This quiz has been taken 436 times
  • The average score is 10 of 11

Answer Stats

Answer% Correct
Mercedes
99%
Red Bull Racing
99%
Ferrari
98%
McLaren
95%
Williams
92%
Toro Rosso
88%
Force India
87%
Lotus
86%
Sauber
81%
Marussia
77%
Caterham
71%

Score Distribution

Percentile by Number Answered

Percent of People with Each Score

Your Score History

You have not taken this quiz